=LDR 00000nam 2200000 4500 =001 INLIS000000000017693 =005 20130612112917 =008 ***********************************Ind** =035 ##$$0010-061300000017693 =041 ##$$a Ind =082 ##$$a 2x4.123 =090 ##$$a 2x4.123, Tun t =100 ##$$a As-Sadlan, Shalih Bin Ghanim =245 ##$$a Tuntutan praktis shalat berjemaah, Dr. Shalih Bin Ghanim As-Sadlan ; penerjemah, Abu Ihsan Al-Atsiri =260 ##$$a [20..?] $b Solo =300 ##$$a 244 hlm, 17 cm =650 ##$$a Shalat Jamaah =850 ##$$a NBPNMAT